LIBRARY & INFORMATION CENTRE, KCAET, TAVANUR

ONLINE PUBLIC ACCESS CATALOGUE (OPAC)

Food Science / (Record no. 13530)

MARC details
000 -LEADER
fixed length control field 00320cam a2200133ua 4500
020 ## - INTERNATIONAL STANDARD BOOK NUMBER
ISBN 9788122427240
082 ## - DEWEY DECIMAL CLASSIFICATION NUMBER
Classification number 664.
Item number SRI/FO
100 ## - MAIN ENTRY--AUTHOR NAME
Personal name Srilakshmi, B .
245 ## - TITLE STATEMENT
Title Food Science /
250 ## - EDITION STATEMENT
Edition statement 4 / 5
260 ## - PUBLICATION, DISTRIBUTION, ETC. (IMPRINT)
Place of publication New Delhi :
Name of publisher New Age International Ltd , Publishers
Year of publication 2013
300 ## - PHYSICAL DESCRIPTION
Number of Pages 445
942 ## - ADDED ENTRY ELEMENTS (KOHA)
Koha item type Books
Holdings
Withdrawn status Lost status Damaged status Home library Current library Date acquired Full call number Accession Number Koha item type Collection code Shelving location Source of acquisition Cost, normal purchase price
      KAUAET KAUAET 07/04/2012 664 SRI/FO 22207 Books        
      KAUAET KAUAET 31/03/2012 664 SRI/FO 22900 Books Non-fiction General Stacks Cosmo Books, Calicut 295.00
      KAUAET KAUAET 31/03/2012 664 SRI/FO 22901 Books Non-fiction General Stacks Cosmo Books, Calicut 295.00
      KAUAET KAUAET 31/03/2012 664 SRI/FO 22902 Books Non-fiction General Stacks Cosmo Books, Calicut 295.00
      KAUAET KAUAET 31/03/2012 664 SRI/FO 22903 Books Non-fiction General Stacks Cosmo Books, Calicut 295.00
      KAUAET KAUAET 31/03/2012 664 SRI/FO 22904 Books Non-fiction General Stacks Cosmo Books, Calicut 295.00
      KAUAET KAUAET 31/03/2012 664 SRI/FO 22905 Books Non-fiction General Stacks Cosmo Books, Calicut 295.00
      KAUAET KAUAET 31/03/2012 664 SRI/FO 22906 Books Non-fiction General Stacks Cosmo Books, Calicut 295.00
      KAUAET KAUAET 31/03/2012 664 SRI/FO 22907 Books Non-fiction General Stacks Cosmo Books, Calicut 295.00
      KAUAET KAUAET 31/03/2012 664 SRI/FO 22908 Books Non-fiction General Stacks Cosmo Books, Calicut 295.00
      KAUAET KAUAET 31/03/2012 664 SRI/FO 22909 Books Non-fiction General Stacks Cosmo Books, Calicut 295.00
      KAUAET KAUAET 13/03/2013 664 SRI/FO BB 215 Book Bank scheme for SC students Non-fiction Scheme Calicut Book Distributors 295.00
      KAUAET KAUAET 13/03/2013 664 SRI/FO BB 216 Book Bank scheme for SC students Non-fiction Scheme Calicut Book Distributors 295.00
      KAUAET KAUAET 30/03/2013 664 SRI/FO 23772 Books Non-fiction General Stacks Minerva Books 295.00
      KAUAET KAUAET 06/06/2016 664 SRI/FO 24245 Books   General Stacks Professional Books Cochin 295.00
      KAUAET KAUAET 21/06/2016 664 SRI/FO 24651 Books   General Stacks Aman Book Stall Calicut 295.00
      KAUAET KAUAET 23/08/2016 664. SRI/FO BB 275 Book Bank scheme for SC students   Scheme Calicut Book Daistributors, Calicut. 295.00
free website counter